00579nam a22001817a 450000500170000001000150001702000260003203500140005803700090007208200100008110000180009124500530010925000060016226000420016827001140021030000200032450000530034420240925155658.0 aENG-141785 a9789356845374c200.00 aEN-125317 bDBAD a509.2 aManu, Prakash a51 Pioneer Scientists of India/cBy Prakash Manu a1 aNew DelhibDiamond Pocket Booksc2024 aX- 30, Okhla Industrial Area, Phase-IIbNew Delhie110020mwecare@diamondbooks.ink011-40712100k011-41611861 a160p.c22cm(pb) aLife Stories of Epoch-Making Scientists of India